书目信息 |
| 题名: |
文学与治疗
|
|
| 作者: | 叶舒宪 主编 | |
| 分册: | ||
| 出版信息: | 北京 社会科学文献出版社 1999 |
|
| 页数: | 296页 | |
| 开本: | 20cm | |
| 丛书名: | 文学人类学论丛 | |
| 单 册: | ||
| 中图分类: | I0-05 | |
| 科图分类: | ||
| 主题词: | 文学理论 , 文学--关系--治疗医学 | |
| 电子资源: | ||
| ISBN: | 7-80149-124-6 | |
| 000 | 00641nam0 2200229 45 | |
| 001 | 0304081501 | |
| 005 | 20031219104108.9 | |
| 010 | @a7-80149-124-6@dCNY16.80 | |
| 100 | @a20030408d1999 km y0chiy0120 ea | |
| 101 | 0 | @achi |
| 105 | @a z 000yy | |
| 200 | 1 | @a文学与治疗@AWen Xue Yu Zhi Liao@f叶舒宪主编@FYe Shu Xian Zhu Bian |
| 210 | @a北京@c社会科学文献出版社@d1999 | |
| 215 | @a296页@d20cm | |
| 225 | @a文学人类学论丛 | |
| 410 | @12001 @a文学人类学论丛 | |
| 606 | 0 | @a文学理论 |
| 606 | 0 | @a文学@x关系@x治疗医学 |
| 690 | @aI0-05@v4 | |
| 701 | 0 | @a叶舒宪@4主编 |
| 801 | @aCN@bTSTC@c20030408 | |
| 905 | @b322361-370@dI0-05@e229@f10 | |
| 文学与治疗/叶舒宪主编.-北京:社会科学文献出版社,1999 |
| 296页;20cm.-(文学人类学论丛) |
| ISBN 7-80149-124-6:CNY16.80 |
| ● |
| 相关链接 |
|
|
|
|
正题名:文学与治疗
索取号:I0-05/229
 
预约/预借
| 序号 | 登录号 | 条形码 | 馆藏地/架位号 | 状态 | 备注 |
| 1 | 0322361 | 203223617 | 第二借阅区/ [索取号:I0-05/229] | 在馆 | |
| 2 | 0322362 | 203223626 | 第二借阅区/ [索取号:I0-05/229] | 在馆 | |
| 3 | 0322363 | 203223635 | 第二借阅区/ [索取号:I0-05/229] | 在馆 | |
| 4 | 0322364 | 203223644 | 第二借阅区/ [索取号:I0-05/229] | 在馆 | |
| 5 | 0322365 | 203223653 | 第二借阅区/ [索取号:I0-05/229] | 在馆 | |
| 6 | 0322366 | 203223662 | 第二借阅区/ [索取号:I0-05/229] | 在馆 | |
| 7 | 0322367 | 203223671 | 第二借阅区/ [索取号:I0-05/229] | 在馆 | |
| 8 | 0322368 | 203223680 | 第二借阅区/ [索取号:I0-05/229] | 在馆 | |
| 9 | 0322369 | 203223699 | 第二借阅区/ [索取号:I0-05/229] | 在馆 | |
| 10 | 0322370 | 203223706 | 第一样本阅览室/ [索取号:I0-05/229] | 在馆 | |
| 11 | 0324845 | 203248459 | 第二借阅区/ [索取号:I0-05/229] | 在馆 | |
| 12 | 0324846 | 203248468 | 第二借阅区/ [索取号:I0-05/229] | 在馆 | |
| 13 | 0324847 | 203248477 | 第二借阅区/ [索取号:I0-05/229] | 在馆 |